000 00444nam a2200181Ia 4500
005 20250603145928.0
008 250603s9999 xx 000 0 und d
020 _a9781032148588
050 _aHT 166 .T44/
100 _aEdited by Monios, Jason.
245 4 _aThe Routledge handbook of urban logistics
260 _aLondon
260 _b Routledge
260 _c2023
300 _axxviii, 420p.: ill.
650 _aLondon
942 _cBK
999 _c43272
_d43272